Achternamen Lijsttrekkers - Statistieken

Algemene statistieken
  • Deze quiz is 77 keer genomen
    14 sinds de laatste reset
  • De gemiddelde score is 100 van 271
Antwoordstatistieken
Jaar Partij Voornaam Achternaam % Correct
2025 PVV Geert Wilders
100%
2023 PVV Geert Wilders
100%
2021 PVV Geert Wilders
100%
2017 PVV Geert Wilders
100%
2012 PVV Geert Wilders
100%
2010 PVV Geert Wilders
100%
2006 PVV Geert Wilders
100%
2025 D66 Rob Jetten
92%
2023 D66 Rob Jetten
92%
2025 BBB Caroline van der Plas
92%
2023 BBB Caroline van der Plas
92%
2021 BBB Caroline van der Plas
92%
2010 CDA Jan Peter Balkenende
83%
2006 CDA Jan Peter Balkenende
83%
2003 CDA Jan Peter Balkenende
83%
2002 CDA Jan Peter Balkenende
83%
2023 FvD Thierry Baudet
83%
2021 FvD Thierry Baudet
83%
2017 FvD Thierry Baudet
83%
2025 FvD Lidewij de Vos
83%
2023 GL/PvdA Frans Timmermans
83%
2021 GL Jesse Klaver
83%
2017 GL Jesse Klaver
83%
2021 VVD Mark Rutte
83%
2017 VVD Mark Rutte
83%
2012 VVD Mark Rutte
83%
2010 VVD Mark Rutte
83%
2006 VVD Mark Rutte
83%
2021 BIJ1 Sylvana Simons
83%
2025 GL/PvdA Frans Timmermans
83%
2025 CDA Henri Bontenbal
75%
2023 CDA Henri Bontenbal
75%
2025 SP Jimmy Dijk
75%
2023 JA21 Joost Eerdmans
75%
2025 JA21 Joost Eerdmans
75%
2021 JA21 Joost Eerdmans
75%
2021 D66 Sigrid Kaag
75%
2023 NSC Pieter Omtzigt
75%
2025 PvdD Esther Ouwehand
75%
2023 PvdD Esther Ouwehand
75%
2021 PvdD Esther Ouwehand
75%
2017 D66 Alexander Pechtold
75%
2012 D66 Alexander Pechtold
75%
2010 D66 Alexander Pechtold
75%
2006 D66 Alexander Pechtold
75%
2025 VVD Dilan Yeşilgöz
75%
2023 VVD Dilan Yeşilgöz
75%
2017 PvdA Lodewijk Asscher
67%
2025 CU Mirjam Bikker
67%
2023 CU Mirjam Bikker
67%
2025 Volt Laurens Dassen
67%
2023 Volt Laurens Dassen
67%
2021 Volt Laurens Dassen
67%
1986 PvdA Joop den Uyl
67%
1982 PvdA Joop den Uyl
67%
1981 PvdA Joop den Uyl
67%
1977 PvdA Joop den Uyl
67%
1972 PvdA Joop den Uyl
67%
1971 PvdA Joop den Uyl
67%
1967 PvdA Joop den Uyl
67%
2002 LPF Pim Fortuyn
67%
2010 GL Femke Halsema
67%
2006 GL Femke Halsema
67%
2003 GL Femke Halsema
67%
1989 CDA Ruud Lubbers
67%
1986 CDA Ruud Lubbers
67%
2023 SP Lilian Marijnissen
67%
2021 SP Lilian Marijnissen
67%
2006 SP Jan Marijnissen
67%
2003 SP Jan Marijnissen
67%
2002 SP Jan Marijnissen
67%
1998 SP Jan Marijnissen
67%
1994 SP Jan Marijnissen
67%
2021 CU Gert-Jan Segers
67%
2017 CU Gert-Jan Segers
67%
2017 PvdD Marianne Thieme
67%
2012 PvdD Marianne Thieme
67%
2010 PvdD Marianne Thieme
67%
2006 PvdD Marianne Thieme
67%
2021 SGP Kees van der Staaij
67%
2017 SGP Kees van der Staaij
67%
2012 SGP Kees van der Staaij
67%
2010 SGP Kees van der Staaij
67%
2017 CDA Sybrand van Haersma Buma
67%
2012 CDA Sybrand van Haersma Buma
67%
2010 PvdA Job Cohen
58%
2021 CDA Wopke Hoekstra
58%
1998 PvdA Wim Kok
58%
1994 PvdA Wim Kok
58%
1989 PvdA Wim Kok
58%
2017 50PLUS Henk Krol
58%
2012 50PLUS Henk Krol
58%
2017 SP Emile Roemer
58%
2012 SP Emile Roemer
58%
2010 SP Emile Roemer
58%
2012 PvdA Diederik Samsom
58%
2025 SGP Chris Stoffer
58%
2023 SGP Chris Stoffer
58%
1982 D66 Jan Terlouw
58%
1981 D66 Jan Terlouw
58%
1977 D66 Jan Terlouw
58%
1982 CDA Dries van Agt
58%
1981 CDA Dries van Agt
58%
1977 CDA Dries van Agt
58%
2025 DENK Stephan van Baarle
58%
2023 DENK Stephan van Baarle
58%
2017 DENK Tunahan Kuzu
50%
2021 PvdA Lilianne Ploumen
50%
2012 CU Arie Slob
50%
1981 VVD Hans Wiegel
50%
1977 VVD Hans Wiegel
50%
1972 VVD Hans Wiegel
50%
2021 DENK Farid Azarkan
42%
1998 D66 Els Borst
42%
2006 PvdA Wouter Bos
42%
2003 PvdA Wouter Bos
42%
2003 D66 Thom de Graaf
42%
2002 D66 Thom de Graaf
42%
1956 PvdA Willem Drees
42%
1952 PvdA Willem Drees
42%
1948 PvdA Willem Drees
42%
1946 PvdA Willem Drees
42%
1977 DS'70 Willem Drees Jr.
42%
1972 DS'70 Willem Drees Jr.
42%
1971 DS'70 Willem Drees Jr.
42%
2002 PvdA Ad Melkert
42%
2003 VVD Gerrit Zalm
42%
1998 VVD Frits Bolkestein
33%
1994 VVD Frits Bolkestein
33%
1994 CDA Elco Brinkman
33%
2012 GL Jolande Sap
33%
1994 D66 Hans van Mierlo
33%
1989 D66 Hans van Mierlo
33%
1986 D66 Hans van Mierlo
33%
1972 D66 Hans van Mierlo
33%
1971 D66 Hans van Mierlo
33%
1967 D66 Hans van Mierlo
33%
1972 ARP Barend Biesheuvel
25%
1971 ARP Barend Biesheuvel
25%
1967 ARP Barend Biesheuvel
25%
1963 ARP Barend Biesheuvel
25%
1998 CDA Jaap de Hoop Scheffer
25%
2021 50PLUS Liane den Haan
25%
1994 AOV Jet Nijpels
25%
1986 VVD Ed Nijpels
25%
1982 VVD Ed Nijpels
25%
1981 CPN Marcus Bakker
17%
1977 CPN Marcus Bakker
17%
1972 CPN Marcus Bakker
17%
1971 CPN Marcus Bakker
17%
1967 CPN Marcus Bakker
17%
1963 CPN Paul de Groot
17%
1959 CPN Paul de Groot
17%
1956 CPN Paul de Groot
17%
1952 CPN Paul de Groot
17%
1948 CPN Paul de Groot
17%
1946 CPN Paul de Groot
17%
2003 LPF Mat Herben
17%
1977 BP Hendrik Koekoek
17%
1972 BP Hendrik Koekoek
17%
1971 BP Hendrik Koekoek
17%
1967 BP Hendrik Koekoek
17%
1963 BP Hendrik Koekoek
17%
2002 GL Paul Rosenmöller
17%
1998 GL Paul Rosenmöller
17%
2010 CU André Rouvoet
17%
2006 CU André Rouvoet
17%
2003 CU André Rouvoet
17%
2025 50PLUS Jan Struijs
17%
2006 SGP Bas van der Vlies
17%
2003 SGP Bas van der Vlies
17%
2002 SGP Bas van der Vlies
17%
1998 SGP Bas van der Vlies
17%
1994 SGP Bas van der Vlies
17%
1989 SGP Bas van der Vlies
17%
1986 SGP Bas van der Vlies
17%
1967 SGP Cornelius van Dis
17%
1963 SGP Cornelius van Dis
17%
1959 ARP Jelle Zijlstra
17%
1956 ARP Jelle Zijlstra
17%
1977 SGP Hette Abma
8%
1972 SGP Hette Abma
8%
1971 SGP Hette Abma
8%
2002 VVD Hans Dijkstal
8%
1972 GPV Piet Jongeling
8%
1971 GPV Piet Jongeling
8%
1967 GPV Piet Jongeling
8%
1963 GPV Piet Jongeling
8%
1989 RPF Meindert Leerling
8%
1986 RPF Meindert Leerling
8%
1982 RPF Meindert Leerling
8%
1981 RPF Meindert Leerling
8%
1998 GPV Gert Schutte
8%
1994 GPV Gert Schutte
8%
1989 GPV Gert Schutte
8%
1986 GPV Gert Schutte
8%
1982 GPV Gert Schutte
8%
1981 GPV Gert Schutte
8%
2002 LN Fred Teeven
8%
1982 EVP Cathy Ubels-Veen
8%
1982 PSP Fred van der Spek
8%
1981 PSP Fred van der Spek
8%
1959 PSP Nico van der Veen
8%
1982 SGP Henk van Rossum
8%
1981 SGP Henk van Rossum
8%
2002 CU Kars Veling
8%
1959 SGP Pieter Zandt
8%
1956 SGP Pieter Zandt
8%
1952 SGP Pieter Zandt
8%
1948 SGP Pieter Zandt
8%
1946 SGP Pieter Zandt
8%
1971 PPR Jacques Aarden
0%
1972 KVP Frans Andriessen
0%
1989 GL Ria Beckers
0%
1986 PPR Ria Beckers
0%
1982 PPR Ria Beckers
0%
1981 PPR Ria Beckers
0%
1977 PPR Ria Beckers
0%
1967 CHU Henk Beernink
0%
1963 CHU Henk Beernink
0%
1959 CHU Henk Beernink
0%
1972 RKPN Klaas Beuker
0%
1946 PvdV Steven Bierema
0%
1994 GL Ina Brouwer
0%
1982 CPN Ina Brouwer
0%
1959 PvdA Jaap Burger
0%
1972 PPR Bas de Gaay Fortman
0%
1963 KVP Wim de Kort
0%
1971 VVD Molly Geertsema
0%
1994 CD Hans Janmaat
0%
1989 CD Hans Janmaat
0%
1982 CP Hans Janmaat
0%
1967 PSP Henk Lankhorst
0%
1963 PSP Henk Lankhorst
0%
1959 PSP Henk Lankhorst
0%
1994 U55+ Bertus Leerkes
0%
1959 VVD Pieter Oud
0%
1956 VVD Pieter Oud
0%
1952 VVD Pieter Oud
0%
1948 VVD Pieter Oud
0%
1994 GL Mohamed Rabbae
0%
1959 KVP Carl Romme
0%
1956 KVP Carl Romme
0%
1952 KVP Carl Romme
0%
1948 KVP Carl Romme
0%
1946 KVP Carl Romme
0%
1967 KVP Norbert Schmelzer
0%
1952 ARP Jan Schouten
0%
1948 ARP Jan Schouten
0%
1946 ARP Jan Schouten
0%
1971 NMP Ab te Pas
0%
1972 CHU Arnold Tilanus
0%
1956 CHU Hendrik Tilanus
0%
1952 CHU Hendrik Tilanus
0%
1948 CHU Hendrik Tilanus
0%
1946 CHU Hendrik Tilanus
0%
1967 VVD Edzo Toxopeus
0%
1963 VVD Edzo Toxopeus
0%
1971 CHU Udink
0%
1977 PSP Bram van der Lek
0%
1972 PSP Bram van der Lek
0%
1998 RPF Leen van Dijke
0%
1994 RPF Leen van Dijke
0%
1986 PSP Andrée van Es
0%
1977 GPV Bart Verbrugh
0%
1971 KVP Gerard Veringa
0%
1963 PvdA Anne Vondeling
0%
1989 VVD Joris Voorhoeve
0%
1952 KNP Charles Welter
0%
1948 KNP Charles Welter
0%
1971 PSP Hans Wiebenga
0%
Geen overeenkomende quizzen gevonden
Scoreverdeling
Procent van Mensen met Elke Score
Percentiel versus Aantal Correcte Antwoorden
Uw Scoregeschiedenis
U heeft deze quiz nog niet genomen sinds de laatste reset